<?xml version="1.0" encoding="UTF-8"?>
<collection xmlns="http://www.loc.gov/MARC21/slim">
 <record>
  <leader>02378naa a2200265 i 4500</leader>
  <controlfield tag="001">acta76376</controlfield>
  <controlfield tag="005">20220808111929.0</controlfield>
  <controlfield tag="008">220808s2022    hu      o     0||   hun d</controlfield>
  <datafield tag="022" ind1=" " ind2=" ">
   <subfield code="a">2064-809X</subfield>
  </datafield>
  <datafield tag="040" ind1=" " ind2=" ">
   <subfield code="a">SZTE Egyetemi Kiadványok Repozitórium</subfield>
   <subfield code="b">hun</subfield>
  </datafield>
  <datafield tag="041" ind1=" " ind2=" ">
   <subfield code="a">hun</subfield>
  </datafield>
  <datafield tag="041" ind1=" " ind2=" ">
   <subfield code="a">eng</subfield>
  </datafield>
  <datafield tag="100" ind1="1" ind2=" ">
   <subfield code="a">Korponai Ákos</subfield>
  </datafield>
  <datafield tag="245" ind1="1" ind2="0">
   <subfield code="a">Szuverenitástranszfer és alkotmányos identitás </subfield>
   <subfield code="h">[elektronikus dokumentum] :</subfield>
   <subfield code="b">Bosznia-Hercegovina esete /</subfield>
   <subfield code="c"> Korponai Ákos</subfield>
  </datafield>
  <datafield tag="260" ind1=" " ind2=" ">
   <subfield code="a">Szegedi Tudományegyetem Móra Ferenc Szakkollégiuma</subfield>
   <subfield code="b">Szeged</subfield>
   <subfield code="c">2022</subfield>
  </datafield>
  <datafield tag="300" ind1=" " ind2=" ">
   <subfield code="a">212-224</subfield>
  </datafield>
  <datafield tag="490" ind1="0" ind2=" ">
   <subfield code="a">Móra Akadémia</subfield>
   <subfield code="v">10</subfield>
  </datafield>
  <datafield tag="490" ind1="0" ind2=" ">
   <subfield code="a">Móra Akadémia : szakkollégiumi tanulmánykötet 10.</subfield>
   <subfield code="v">10</subfield>
  </datafield>
  <datafield tag="520" ind1="3" ind2=" ">
   <subfield code="a">The constitution of Bosnia-Herzegovina (BiH) is incorporated in the 1995 Dayton Peace agreement adopted by the international community in order to stop the ongoing civil war in the country. Since then a provision (ECHR-clause) stating the direct application of the European Convention on Human Rights in the legal system of Bosnia-Herzegovina is part of the state’s Constitution. In order to determine the constitutional identity of BiH – after a brief introduction to the historical context – I present the peculiarities of the governmental and legislative branch imposed by Dayton. The Constitutional Court of BiH made numerous decisions in these fields, out of which I study those concerning the electoral process, with special regard to the sovereignty transfer feature of the ECHR-clause. This is followed by the comparison of the previously analysed case law to a decision of the Hungarian Constitutional Court (HCC) addressing very similar questions related to the interaction between national and international law. Based on the separate opinion of HCC judge András Varga Zs., I summarize the different scientific opinions about the concept of constitutional identity, then draw consequences from the relevant case law of the European Court of Human Rights concerning BiH, and finally suggest expanding the scope of the eternity clause contained in the BiH Constitution.</subfield>
  </datafield>
  <datafield tag="650" ind1=" " ind2="4">
   <subfield code="a">Társadalomtudományok</subfield>
  </datafield>
  <datafield tag="650" ind1=" " ind2="4">
   <subfield code="a">Politikatudomány</subfield>
  </datafield>
  <datafield tag="650" ind1=" " ind2="4">
   <subfield code="a">Bölcsészettudományok</subfield>
  </datafield>
  <datafield tag="650" ind1=" " ind2="4">
   <subfield code="a">Történettudomány és régészet</subfield>
  </datafield>
  <datafield tag="695" ind1=" " ind2=" ">
   <subfield code="a">Bosznia-Hercegovina története - 20. sz.</subfield>
  </datafield>
  <datafield tag="856" ind1="4" ind2="0">
   <subfield code="u">http://acta.bibl.u-szeged.hu/76376/1/moraakademia_010_212-224.pdf</subfield>
   <subfield code="z">Dokumentum-elérés </subfield>
  </datafield>
 </record>
</collection>
